| 000 | 00540nam a2200205 a 4500 | ||
|---|---|---|---|
| 001 | BRCA_6544 | ||
| 005 | 20190320205510.0 | ||
| 008 | 290911s1920----gw-#######---#000-0#ger-# | ||
| 041 | _ager | ||
| 044 | _agw | ||
| 050 | 4 |
_aPQ2625 _b.A4 I58 1920 |
|
| 100 | 1 |
_aMaeterlinck, Maurice _d1862-1949 _916333 |
|
| 245 | 1 | 0 |
_aDie Intelligenz der Blumen _cMaurice Maeterlinck. |
| 260 |
_aJena, Alemania _bE. Diederichs _cc1920 |
||
| 300 |
_a197 p. _c19 cm. |
||
| 500 | _aL85 | ||
| 650 | 1 | 4 |
_aLiteratura belga _916334 |
| 902 | _aGFM | ||
| 942 |
_2lcc _cB |
||
| 999 |
_c6228 _d6228 |
||